banner-ar

مغامرات بريسيوس / (Record no. 60850)

MARC details
000 -الفاتح
حقل البيانات ثابتة الطول 01274nam a22002777a 4500
005 - وقت وتاريخ اخر تعامل مع التسجيلة
رقم الضبط 20240530110431.0
008 - عناصر البيانات ثابتة الطول - معلومات عامة
حقل البيانات ثابتة الطول 150401s2011 ua c a 00| f ara d
017 ## - رقم الايداع القانونى
رقم الايداع القانونى 2010/15415
المصدر ( الهيئة المختصة) مصر . دار الكتب المصرية
020 ## - الرقم الدولى المعيارى للكتب
الرقم الدولى المعيارى للكتاب 9789774556354
040 ## - مصدر الفهرسة
وكالة الفهرسة الأصلية EG-CaGPL
082 04 - رقم تصنيف ديوى العشرى
رقم الطبعة 21
رقم التصنيف 809.931
رقم المادة ط/د ر
100 1# - المدخل الرئيسى - إسم شخصى
الإسم الشخصى هيبلوايت ، بيتر
الدور بيتر هيبلوايت
245 10 - بيان العنوان
العنوان مغامرات بريسيوس /
بيان المسئوليه,etc تاليف بيتر هيبلوايت ؛ رسوم مارك برجين ؛ ترجمة قسم الترجمة بدار الفاروق للاستثمارات الثقافية
250 ## - بيان الطبعة
بيان الطبعة ط1
260 ## - PUBLICATION, DISTRIBUTION, ETC. (IMPRINT)
تاريخ النشر أو التوزيع 2011
300 ## - الوصف المادى
التعداد 32 ص :
تفاصيل ماديه اخرى للوعاء صور لو ؛
أبعاد الوعاء 22 سم
490 0# - بيان السلسلة
عنوان السلسلة روائع الفلكلور العربى
650 04 - المدخل الاضافى بالموضوع-مصطلح موضوعى
مصطلح موضوعي الادب والفلكلور
التقسيم الفرعي العام قصص الاطفال
650 04 - المدخل الاضافى بالموضوع-مصطلح موضوعى
مصطلح موضوعي الاساطير
650 04 - المدخل الاضافى بالموضوع-مصطلح موضوعى
مصطلح موضوعي القصص العالمية
650 04 - المدخل الاضافى بالموضوع-مصطلح موضوعى
مصطلح موضوعي الادب العالمى
التقسيم الفرعي العام قصص الاطفال
700 1# - المدخل الاضافى - اسم شخصى
الإسم الشخصى برجين ، مارك
الدور رسام
710 2# - المدخل الاضافى - اسم هيئه
اسم الهيئة أو اسم السلطة كمدخل قسم الترجمة بدار الفاروق للاستثمارات الثقافية
الدور مترجم
942 ## - عناصر المدخل الإضافي( كوها)
مصدر التصنيف او مخطط الترفيف Dewey Decimal Classification
Koha [default] item type كتاب
260 ## - PUBLICATION, DISTRIBUTION, ETC. (IMPRINT)
-- القاهرة :
-- دار الفاروق للاستثمارات الثقافية ،
Holdings
حالة التراجع حالة الفقد حالة تلف ليس للاعارة المكان المؤقت الموقع الحالى تاريخ الاكتساب اجمالي اﻻعارات رقم الطلب الباركود تاريخ اخر مشاهدة تاريخ تفعيل السعر نوع وعاء كوها
        مكتبة القاهرة الكبرى مكتبة القاهرة الكبرى 04/01/2015   809.931 ط/د ر 160022 04/01/2015 04/01/2015 كتاب

Powered By

EGPV